[Event "Krefeld op"]
[Site "Krefeld"]
[Date "2023.08.06"]
[Round "8"]
[White "Berresheim, Nils"]
[Black "Esser, Michael"]
[Result "1/2-1/2"]
[WhiteElo "1720"]
[BlackElo "2113"]
[PlyCount "48"]
[EventDate "2023.08.02"]
[EventType "swiss"]
[EventRounds "9"]
[EventCountry "GER"]
[SourceTitle "CBM 215 Extra"]
[Source "ChessBase"]
[SourceDate "2023.09.30"]
[SourceVersion "1"]
[SourceVersionDate "2023.09.30"]
[SourceQuality "1"]

1. d4 d5 2. c4 e6 3. Nc3 c6 4. cxd5 exd5 5. Bf4 Bd6 6. Bxd6 Qxd6 7. e3 Bf5 8. Bd3 Bxd3 9. Qxd3 Nf6 10. Nf3 Nbd7 11. 0-0 0-0 12. a3 Rae8 13. b4 a6 14. Rfb1 Ne4 15. a4 f5 16. b5 f4 17. exf4 Qxf4 18. bxc6 bxc6 19. Rb7 Qg4 20. Rc1 Rf6 21. h3 Qe6 22. Nxe4 dxe4 23. Qc4 exf3 24. Qxe6+ Rfxe6 1/2-1/2

[Event "GER-ch U12"]
[Site "Willingen"]
[Date "2020.10.31"]
[Round "7"]
[White "Berresheim, Nils"]
[Black "Huber, Benedikt Thomas"]
[Result "1-0"]
[WhiteElo "1534"]
[BlackElo "1725"]
[PlyCount "53"]
[EventDate "2020.10.26"]
[EventType "swiss"]
[EventRounds "7"]
[EventCountry "GER"]
[SourceTitle "CBM 199 Extra"]
[Source "ChessBase"]
[SourceDate "2021.01.31"]
[SourceVersion "1"]
[SourceVersionDate "2021.01.31"]
[SourceQuality "1"]

1. d4 d5 2. c4 c6 3. Nf3 Nf6 4. Qc2 e6 5. cxd5 exd5 6. Bg5 Be7 7. e3 Be6 8. Bd3 Nbd7 9. 0-0 h6 10. Bf4 0-0 11. h3 Rc8 12. Nc3 Nb6 13. a4 Bd6 14. Bxd6 Qxd6 15. a5 Nbd7 16. Rab1 b6 17. b4 c5 18. Nb5 Qb8 19. dxc5 bxc5 20. bxc5 Nxc5 21. Nfd4 Nxd3 22. Qxd3 Rfd8 23. Rfc1 Rxc1+ 24. Rxc1 a6 25. Nc6 Qc8 26. Ne7+ Kh8 27. Nxc8 1-0

[Event "GER Pfingstopen U12"]
[Site "Playchess.com INT"]
[Date "2020.06.02"]
[Round "10"]
[White "Berresheim, Nils"]
[Black "Roessler, Helena"]
[Result "1-0"]
[WhiteElo "1620"]
[BlackElo "1620"]
[PlyCount "59"]
[EventDate "2020.06.02"]
[EventType "swiss (blitz)"]
[EventRounds "11"]
[EventCountry "GER"]
[SourceTitle "CBM 197 Extra"]
[Source "ChessBase"]
[SourceDate "2020.09.30"]
[SourceVersion "1"]
[SourceVersionDate "2020.09.30"]
[SourceQuality "1"]

1. Nf3 d5 2. d4 Nc6 3. c4 Nf6 4. Nc3 Bf5 5. Bg5 h6 6. Bxf6 exf6 7. Nxd5 Bd6 8. e3 0-0 9. Bd3 Bxd3 10. Qxd3 Nb4 11. Nxb4 Bxb4+ 12. Nd2 Qd7 13. a3 Bxd2+ 14. Qxd2 Qg4 15. 0-0 Rfe8 16. b4 Rad8 17. Qd1 Qg6 18. Qf3 Rb8 19. b5 f5 20. c5 a6 21. a4 Qe6 22. Rab1 Qc4 23. Qd1 f4 24. Qb3 Qxb3 25. Rxb3 fxe3 26. fxe3 axb5 27. axb5 Ra8 28. b6 Ra2 29. bxc7 Rc8 30. Rxb7 1-0

[Event "GER-chT U14"]
[Site "Magdeburg"]
[Date "2019.12.28"]
[Round "4.7"]
[White "Weidemann, Jakob"]
[Black "Berresheim, Nils"]
[Result "1-0"]
[WhiteElo "1565"]
[BlackElo "1509"]
[PlyCount "143"]
[EventDate "2019.12.27"]
[EventType "team-swiss"]
[EventRounds "7"]
[EventCountry "GER"]
[SourceTitle "CBM 194 Extra"]
[Source "ChessBase"]
[SourceDate "2020.03.31"]
[SourceVersion "1"]
[SourceVersionDate "2020.03.31"]
[SourceQuality "1"]
[WhiteTeam "Muenster 32"]
[BlackTeam "Essen Katernberg"]
[WhiteTeamCountry "GER"]
[BlackTeamCountry "GER"]

1. e4 e5 2. Nf3 Nc6 3. Bc4 Bc5 4. c3 d6 5. h3 Nf6 6. d3 h6 7. a4 a5 8. 0-0 0-0 9. Nbd2 Be6 10. Bb3 Re8 11. Re1 Qd7 12. Nf1 d5 13. exd5 Bxd5 14. c4 Bxf3 15. Qxf3 Rad8 16. Rd1 e4 17. dxe4 Qe6 18. Ng3 Rxd1+ 19. Qxd1 Nxe4 20. Nxe4 Qxe4 21. Bd2 Rd8 22. Rc1 Bxf2+ 23. Kxf2 Qd3 24. Be3 Qe4 25. Qe2 Nb4 26. Rd1 Rxd1 27. Bxd1 Qf5+ 28. Qf3 Qe5 29. Qe2 Qf5+ 30. Ke1 Nd3+ 31. Kd2 Nb4 32. b3 Qd7+ 33. Ke1 Qf5 34. Qd2 Qe4 35. Bf3 Qe7 36. Kf2 Qh4+ 37. Ke2 Qe7 38. Qc3 Qe6 39. Qd4 Qe7 40. Kf2 b6 41. Qe4 Qd7 42. Ke2 Na2 43. Bd2 g6 44. Qc2 Qe7+ 45. Kd1 Nb4 46. Bxb4 Qxb4 47. Kc1 Qe7 48. Kb2 Qe5+ 49. Ka2 Kg7 50. Qb2 Qxb2+ 51. Kxb2 Kf6 52. Kc3 Ke5 53. Kd3 f5 54. g3 h5 55. h4 c5 56. Ke3 f4+ 57. gxf4+ Kf5 58. Be4+ Kg4 59. Bxg6 Kxh4 60. Kf3 b5 61. axb5 a4 62. bxa4 Kh3 63. Bxh5 Kh2 64. b6 Kg1 65. b7 Kf1 66. b8Q Ke1 67. Qe8+ Kd1 68. Qe2+ Kc1 69. Ke3 Kb1 70. Kd3 Ka1 71. Kc3 Kb1 72. Qb2# 1-0